MARC details
| 000 -LEADER |
| campo de control de longitud fija |
01949nam a2200361 i 4500 |
| 001 - NÚMERO DE CONTROL |
| campo de control |
196886 |
| 003 - IDENTIFICADOR DE NÚMERO DE CONTROL |
| campo de control |
ES-MaACL |
| 005 - FECHA Y HORA DE LA ÚLTIMA TRANSACCIÓN |
| campo de control |
20250727063151.0 |
| 008 - DATOS DE LONGITUD FIJA--INFORMACIÓN GENERAL |
| campo de control de longitud fija |
250120q1890 spc|||||| 000 ||spa |
| 035 ## - NÚMERO DE CONTROL DEL SISTEMA |
| Número de control de sistema |
(ES-BaCBU).b52952381 |
| 035 ## - NÚMERO DE CONTROL DEL SISTEMA |
| Número de control de sistema |
991044225619706706 |
| 040 ## - FUENTE DE CATALOGACIÓN |
| Centro catalogador/agencia de origen |
ES-BaBC |
| Lengua de catalogación |
cat |
| Centro/agencia transcriptor |
ES-BaBC |
| 080 ## - NÚMERO DE LA CLASIFICACIÓN DECIMAL UNIVERSAL |
| Número de la Clasificación Decimal Universal |
34.096 |
| 245 00 - MENCIÓN DEL TÍTULO |
| Título |
Procesos célebres de todos los países / |
| Mención de responsabilidad, etc. |
publicados bajo la dirección de José Laribal |
| 260 ## - PUBLICACIÓN, DISTRIBUCIÓN, ETC. |
| Lugar de publicación, distribución, etc. |
Barcelona : |
| Nombre del editor, distribuidor, etc. |
Salvador Manero, |
| Fecha de publicación, distribución, etc. |
[ca. 1890] |
| 300 ## - DESCRIPCIÓN FÍSICA |
| Extensión |
1 volumen : |
| Otras características físicas |
ilustraciones ; |
| Dimensiones |
26 cm |
| 336 ## - TIPO DE CONTENIDO |
| Fuente |
rdacontent |
| Término de tipo de contenido |
texto |
| 337 ## - TIPO DE MEDIO |
| Fuente |
rdamedia |
| Nombre/término del tipo de medio |
sin mediación |
| 338 ## - TIPO DE SOPORTE |
| Fuente |
rdacarrier |
| Nombre/término del tipo de soporte |
volumen |
| 500 ## - NOTA GENERAL |
| Nota general |
Fecha tomada de Palau y BNE |
| 500 ## - NOTA GENERAL |
| Nota general |
Cada obra con portada y paginación propias |
| 505 0# - NOTA DE CONTENIDO CON FORMATO |
| Nota de contenido con formato |
Dumollard: robo, violación, asesinato. Saint Geran: hijo reclamado por dos madres. D. Martín de Acuña: comendador de Santiago. Justina Lafitte: acusación de incesto, violación, parricidio. Quartier, Senot y consortes: monederos falsos. La viuda Husson y su hijo: envenenamiento. Lemoine: el niño carbonizado. La bella droguera: adulterio. Beniot: el parricida. Billon: máquina infernal de Senlís. Asesinato de la calle de La Aurora. Seductor sorprendido y muerto por el padre. Oposición al matrimonio de una menor estuprada. Juan Bautista Troppman: ocho asesinatos, falsificación y robo |
| 530 ## - NOTA DISPONIBLE DE FORMULARIO FÍSICO ADICIONAL |
| Nota de formato físico adicional disponible |
Disponible en formato digital |
| 597 ## - NOTA DE DESCRIPCIÓN FÍSICA |
| NOTA DE DESCRIPCIÓN FÍSICA |
Publicado en fascículos |
| 650 #4 - PUNTO DE ACCESO ADICIONAL DE MATERIA--TÉRMINO DE MATERIA |
| Término de materia o nombre geográfico como elemento de entrada |
Procesos |
| 9 (RLIN) |
16437 |
| 700 1# - ENTRADA AGREGADA--NOMBRE PERSONAL |
| 9 (RLIN) |
241399 |
| Nombre de persona |
Laribal, José, |
| Fechas asociadas al nombre |
1839-1904 |
| Término indicativo de función/relación |
Director de publicación |
| 852 ## - LOCALIZACIÓN |
| Ubicación |
ES-MaACL |
| itemnumber |
204550 |
| Ubicación en estantería |
Sala Pecera Planta 3 |
| Número de control de estantería |
G-16011 |
| Encuadernación |
Encuadernación pasta española |
| Marcas de propiedad |
Ex-libris: "Mariano Tomás" |
| 856 ## - LOCALIZACIÓN Y ACCESO ELECTRÓNICOS |
| Identificador Uniforme de Recursos |
<a href="https://bdh-rd.bne.es/viewer.vm?id=0000206084&page=1">https://bdh-rd.bne.es/viewer.vm?id=0000206084&page=1</a> |
| Texto de enlace |
Versión en línea: 2 v. |
| Nota pública |
(Biblioteca Digital Hispánica) |
| 901 ## - NOMBRE PERSONAL DE POSESOR |
| 9 |
239478 |
| a |
Tomás, Mariano, |
| d |
1891-1957 |
| e |
Antiguo poseedor |
| 942 ## - ELEMENTOS DE ENTRADA SECUNDARIOS (KOHA) |
| Fuente del sistema de clasificación o colocación |
Clasificación decimal universal |
| Tipo de ítem Koha |
Libro impreso antiguo |
| Suprimir en OPAC |
No |